Bệnh phụ nữ : Tự khám bệnh tại nhà và cách xử trí
Сохранить в:
| Главный автор: | |
|---|---|
| Формат: | |
| Язык: | Undetermined |
| Опубликовано: |
Thành Phố Hồ Chí Minh
Tổng hợp Thành Phố Hồ Chí Minh
2007
|
| Предметы: | |
| Метки: |
Добавить метку
Нет меток, Требуется 1-ая метка записи!
|
| Thư viện lưu trữ: | Trung tâm Học liệu Trường Đại học Cần Thơ |
|---|
| LEADER | 00638nam a2200205Ia 4500 | ||
|---|---|---|---|
| 001 | CTU_128269 | ||
| 008 | 210402s9999 xx 000 0 und d | ||
| 020 | |c 25000 | ||
| 082 | |a 618.1 | ||
| 082 | |b D309 | ||
| 100 | |a Trần, Văn Diệu | ||
| 245 | 0 | |a Bệnh phụ nữ : | |
| 245 | 0 | |b Tự khám bệnh tại nhà và cách xử trí | |
| 245 | 0 | |c Trần Văn Diệu | |
| 260 | |a Thành Phố Hồ Chí Minh | ||
| 260 | |b Tổng hợp Thành Phố Hồ Chí Minh | ||
| 260 | |c 2007 | ||
| 650 | |a Gynecology | ||
| 904 | |i Tuyến | ||
| 980 | |a Trung tâm Học liệu Trường Đại học Cần Thơ | ||